Funding effectiveness : Lessons in building nonprofit capacity

A community of grantmakers dedicated to building strong organizations--comes a guide to promising practices in capacity building. Written for leaders of both grantmaking and nonprofit organizations who are dedicated to improving the sector's effectiveness, Funding Effectiveness offers a compell...

Full beskrivning

Sparad:
Bibliografiska uppgifter
Materialtyp: Bok
Språk:Undetermined
Publicerad: San Francisco Jossey-Bass 2004
Ämnen:
Taggar: Lägg till en tagg
Inga taggar, Lägg till första taggen!
Thư viện lưu trữ: Trung tâm Học liệu Trường Đại học Cần Thơ
LEADER 01145nam a2200229Ia 4500
001 CTU_125254
008 210402s9999 xx 000 0 und d
020 |c 489440 
082 |a 658.401 
082 |b F981 
245 0 |a Funding effectiveness : 
245 0 |b Lessons in building nonprofit capacity 
245 0 |c Grantmakers for Effective Organizations ; Barbara D. Kibbe ... [et al.]. 
260 |a San Francisco 
260 |b Jossey-Bass 
260 |c 2004 
520 |a A community of grantmakers dedicated to building strong organizations--comes a guide to promising practices in capacity building. Written for leaders of both grantmaking and nonprofit organizations who are dedicated to improving the sector's effectiveness, Funding Effectiveness offers a compelling collection of essays from many of the most highly regarded practitioners in the field. 
650 |a Nonprofit organizations,Nonprofit organizations,Organizational effectiveness,Nonprofit organizations 
650 |x Evaluation,Finance,Evaluation,Methodology. 
650 |z United States 
904 |i Minh 
980 |a Trung tâm Học liệu Trường Đại học Cần Thơ